Hoofed Animal Countries Quiz Stats

 Plays Quiz not verified by Sporcle

Also try: Secret Country II
Challenge
Share
Tweet
Embed
Score 0/60 Timer 04:00
1 Play Today
Hint Answer % Correct
MooseUnited States
98.7%
Domestic PigUnited States
98.7%
CattleUnited States
98.7%
HorsesUnited States
98.7%
BisonUnited States
98.7%
MooseCanada
98.3%
BisonCanada
98.3%
Domestic PigChina
97%
Water BuffaloChina
97%
Domestic SheepChina
97%
CattleChina
97%
Domestic GoatChina
97%
DonkeysChina
97%
HorsesChina
97%
MuleChina
97%
MooseRussia
95.6%
BisonRussia
95.6%
Water BuffaloIndia
94%
Domestic SheepIndia
94%
CattleIndia
94%
Domestic GoatIndia
94%
Domestic PigBrazil
92.6%
CattleBrazil
92.6%
HorsesBrazil
92.6%
MuleBrazil
92.6%
DonkeysMexico
90.6%
HorsesMexico
90.6%
MuleMexico
90.6%
DonkeysEgypt
90.3%
Domestic SheepAustralia
87.9%
Hint Answer % Correct
Black RhinoSouth Africa
87.9%
CattleArgentina
84.9%
HorsesArgentina
84.9%
Black RhinoKenya
81.5%
Domestic SheepIran
79.5%
Water BuffaloPakistan
77.2%
Domestic GoatPakistan
77.2%
DonkeysPakistan
77.2%
Domestic SheepSudan
74.5%
CamelSudan
74.5%
Domestic PigGermany
74.2%
MooseNorway
72.8%
MooseSweden
72.1%
Water BuffaloVietnam
69.8%
Domestic PigVietnam
69.8%
DonkeysEthiopia
69.8%
CamelEthiopia
69.8%
Black RhinoZimbabwe
68.1%
MuleMorocco
68.1%
CamelNiger
67.4%
Black RhinoBotswana
64.4%
Black RhinoNamibia
64.1%
BisonPoland
63.8%
Domestic GoatNigeria
60.1%
Domestic GoatBangladesh
58.4%
CamelSomalia
56.4%
MuleColombia
55.7%
CamelMauritania
42.6%
BisonBelarus
41.3%
Water BuffaloPhilippines
40.6%

You're not logged in!

Compare scores with friends on all Sporcle quizzes.
OR
Log In

You Might Also Like...

Show Comments

Extras

Top Quizzes Today


Score Distribution

Your Account Isn't Verified!

In order to create a playlist on Sporcle, you need to verify the email address you used during registration. Go to your Sporcle Settings to finish the process.

Report this User

Report this user for behavior that violates our Community Guidelines.

Details: